Quiz sur Wellan - Chevalier d'Émeraude - Statistiques

Statistiques générales
  • Ce quiz a été pris 88 fois
  • Le résultat moyen est 9 sur 15
Statistiques - réponses
Énoncé Réponse % Correct
Épouse Bridgess
90%
Royaume où il est né Rubis
89%
Premier Écuyer Bridgess
87%
Meilleur ami Santo
85%
Deuxième Écuyer Cameron
74%
Déesse préférée Theandras
72%
Fille adoptive Jenifael
67%
Royaume où il a adopté celle-ci Elfes
57%
Royaume où son épouse est né Perle
56%
Premier Écuyer de son premier Écuyer Swan
52%
Troisième Écuyer Bailey
39%
Quatrième Écuyer Volpel
39%
Père Burge
31%
Mère Mira
31%
Frère Stem
23%
Aucun quiz correspondant
Distribution des résultats
% des personnes avec chaque résultat
Percentile par nombre de réponses
Votre historique - résultats
Vous n’avez pas pris ce quiz